Normal view
MARC view
- Muhammad Yasir
Entry Personal Name
001 - CONTROL NUMBER
- control field: 84249
003 - CONTROL NUMBER IDENTIFIER
- control field: NUST
005 - DATE AND TIME OF LATEST TRANSACTION
- control field: 20211116150724.0
008 - FIXED-LENGTH DATA ELEMENTS
- fixed length control field: 211116|| aca||aabn | a|a d
040 ## - CATALOGING SOURCE
- Original cataloging agency: NUST
- Transcribing agency: NUST
100 ## - HEADING--PERSONAL NAME
- Personal name: Muhammad Yasir
670 ## - SOURCE DATA FOUND
- Source citation: Work cat.: (NUST): Muhammad Yasir, TH-SOF-1855-Vehicle Make And Model Classification For Overhead Traffic Analytics, 2021.
